Countries Closest to Egypt - Statistics

General Stats
  • This quiz has been taken 101,611 times
    101,528 since last reset
  • The average score is 16 of 20
Answer Stats
km country miles % Correct
0 Libya 0
96%
0 Sudan 0
95%
0 Israel / Palestine 0
94%
15 Saudi Arabia 9
94%
7 Jordan 4
89%
504 Turkey 314
88%
364 Greece 226
86%
202 Syria 126
86%
214 Lebanon 133
85%
352 Cyprus 219
84%
835 Yemen 519
83%
469 Iraq 291
81%
293 Chad 182
80%
478 Eritrea 297
76%
1071 Italy 665
76%
799 Ethiopia 496
72%
993 Albania 617
61%
1072 North Macedonia 666
59%
1065 Bulgaria 662
53%
952 Niger 591
52%
No matching quizzes found
Score Distribution
Percent of People with Each Score
Percentile by Number Answered
Your Score History
You have not taken this quiz since the last reset